Ganadores del balon de oro siglo 21 - Estadísticas

Estadísticas generales
  • Esta prueba ha sido intentada 99 veces
  • La puntuación promedio es 21 de 24
Estadísticas de respuestas
Año Jugador % Correcto
2023 Messi
99%
2024 Rodri
99%
2017 Cristiano Ronaldo
96%
2016 Cristiano Ronaldo
96%
2014 Cristiano Ronaldo
96%
2013 Cristiano Ronaldo
96%
2018 Luka Modric
96%
2021 Messi
96%
2019 Messi
96%
2015 Messi
96%
2012 Messi
96%
2011 Messi
96%
2010 Messi
96%
2009 Messi
95%
2008 Cristiano Ronaldo
94%
2022 Benzema
91%
2007 Kaká
88%
2006 Fabio Cannavaro
84%
2005 Ronaldinho
84%
2002 Ronaldo Nazario
78%
2001 Michael Owen
72%
2000 Luis Figo
69%
2004 Shevchenko
66%
2003 Pavel Nedved
62%
No se encontraron pruebas coincidentes
Distribución de puntuación
Porcentaje de gente con cada puntuación
Porcentaje por número respondido
Historial de tus puntuaciones
No has intentado esta prueba.